000 00405pab a2200157 454500
008 180718b2010 xxu||||| |||| 00| 0 eng d
100 _aGupta, Pardeep
245 _aCorporate initiatives and governance issues in professional education
260 _c2010
300 _ap.6-9, 18.
362 _a1 Nov
650 _aProfessional education
773 _aUniversity News
908 _aN
909 _a89541
999 _c89541
_d89541